The governance games of citizens and stakeholders’ engagement: Longitudinal narratives (Record no. 519334)

000 -LEADER
fixed length control field 01512nam a22001577a 4500
008 - FIXED-LENGTH DATA ELEMENTS--GENERAL INFORMATION
fixed length control field 220225b ||||| |||| 00| 0 eng d
100 ## - MAIN ENTRY--PERSONAL NAME
Personal name Kallstrom, Lisa
245 ## - TITLE STATEMENT
Title The governance games of citizens and stakeholders’ engagement: Longitudinal narratives
260 ## - PUBLICATION, DISTRIBUTION, ETC. (IMPRINT)
Place of publication, distribution, etc Local Government Studies
300 ## - PHYSICAL DESCRIPTION
Extent 47(5), Oct, 2021: p.859-885
520 ## - SUMMARY, ETC.
Summary, etc This paper focuses on a process of citizens and stakeholders’ engagement promoted by a local authority to co-design the city vision with multiple actors (politicians, public managers, consultants, citizens and other external stakeholders). The setting for this research is provided by a municipality in Sweden and our theoretical perspective is the decentred theory of governance. A multi-actor, longitudinal and qualitative analysis has been carried out by triangulating interviews with key stakeholders, non-participant observations, and documental analysis, and by collecting the empirical material at two points of time (2014–2018). Our findings present several narratives and show that four main governance games were played (political; reputational and professional; spectacle; and social games). We discuss how these games interplay may change the perception of actors about the process of citizens and stakeholders’ – Reproduced
650 ## - SUBJECT ADDED ENTRY--TOPICAL TERM
Topical term or geographic name as entry element Government game, Citizen partnership, stakeholder predication, Local government, Sweden.
9 (RLIN) 30214
773 ## - HOST ITEM ENTRY
Main entry heading Local Government Studies
906 ## - LOCAL DATA ELEMENT F, LDF (RLIN)
Subject DIP LOCAL GOVERNMENTS
942 ## - ADDED ENTRY ELEMENTS (KOHA)
Item type Articles
Holdings
Withdrawn status Lost status Source of classification or shelving scheme Damaged status Not for loan Permanent location Current location Date acquired Serial Enumeration / chronology Barcode Date last seen Koha item type
          Indian Institute of Public Administration Indian Institute of Public Administration 2022-02-25 47(5), Oct, 2021: p.859-885 AR126273 2022-02-25 Articles

Powered by Koha